[Event "Mazowieckie-chT 0405"]
[Site "Poland"]
[Date "2005.01.23"]
[Round "8"]
[White "Szymanski, Andrzej"]
[Black "Godlewski, Artur"]
[Result "1-0"]
[WhiteElo "2222"]
[BlackElo "2143"]
[PlyCount "71"]
[EventDate "2004.10.03"]
[EventType "team-tourn"]
[EventRounds "10"]
[EventCountry "POL"]
[SourceTitle "EXT 2019"]
[Source "ChessBase"]
[SourceDate "2018.10.10"]
[SourceVersion "1"]
[SourceVersionDate "2018.10.10"]
[SourceQuality "1"]

1. e4 e5 2. Nf3 Nc6 3. Bc4 Nf6 4. d3 Bc5 5. 0-0 d6 6. c3 Bb6 7. Nbd2 0-0 8. Bb3 Ne7 9. Re1 c6 10. Nf1 Ng6 11. Ng3 Be6 12. h3 h6 13. d4 Qd7 14. Bc2 Rad8 15. Nf5 Kh7 16. g4 Qc7 17. g5 hxg5 18. Bxg5 Nf4 19. Bxf4 exf4 20. Qd2 g6 21. Qxf4 Bxf5 22. exf5 Kg7 23. fxg6 fxg6 24. Ng5 Kg8 25. Ne6 Qh7 26. Qg5 Kf7 27. Re3 Rde8 28. Nxf8 Rxf8 29. Rg3 Rg8 30. Re1 Bc7 31. Rf3 Bd8 32. Qg4 Kg7 33. Qg3 Qh5 34. Kg2 Rf8 35. Qxd6 Rf7 36. Qxd8 1-0

[Event "Mazowieckie-chT 0405"]
[Site "Poland"]
[Date "2004.12.05"]
[Round "5"]
[White "Godlewski, Artur"]
[Black "Sadowski, Miroslaw"]
[Result "1-0"]
[WhiteElo "2143"]
[BlackElo "2171"]
[PlyCount "69"]
[EventDate "2004.10.03"]
[EventType "team-tourn"]
[EventRounds "10"]
[EventCountry "POL"]
[SourceTitle "EXT 2019"]
[Source "ChessBase"]
[SourceDate "2018.10.10"]
[SourceVersion "1"]
[SourceVersionDate "2018.10.10"]
[SourceQuality "1"]

1. e4 d6 2. d4 Nf6 3. Nc3 e5 4. Nf3 Nbd7 5. Bc4 Be7 6. 0-0 h6 7. Qe2 c6 8. Bb3 Qc7 9. h3 a6 10. a4 b6 11. Be3 Bb7 12. Nh4 b5 13. Nf5 Bf8 14. f4 g6 15. Nxd6+ Bxd6 16. fxe5 Bxe5 17. dxe5 Qxe5 18. Rad1 0-0 19. Rxd7 Nxd7 20. Qg4 Qg7 21. Qxd7 Bc8 22. Qxc6 Be6 23. Bxe6 fxe6 24. Qxe6+ Kh7 25. Rxf8 Rxf8 26. axb5 axb5 27. Nxb5 Qf7 28. Qxf7+ Rxf7 29. b4 g5 30. Bc5 Kg6 31. e5 Kf5 32. Bd6 Rd7 33. Kf2 h5 34. Ke3 g4 35. Kd4 1-0

[Event "POL-chT 58th 2nd League"]
[Site "Wisla"]
[Date "2002.??.??"]
[Round "?"]
[White "Godlewski, Artur"]
[Black "Kempinski, Tomasz"]
[Result "0-1"]
[WhiteElo "2116"]
[BlackElo "2183"]
[PlyCount "34"]
[EventDate "2002.08.30"]
[EventType "team-swiss"]
[EventRounds "11"]
[EventCountry "POL"]
[SourceTitle "EXT 2019"]
[Source "ChessBase"]
[SourceDate "2018.10.10"]
[SourceVersion "1"]
[SourceVersionDate "2018.10.10"]
[SourceQuality "1"]

1. e4 c5 2. Nf3 g6 3. d4 Bg7 4. c3 cxd4 5. cxd4 Nf6 6. Nc3 0-0 7. Bc4 Nxe4 8. Bxf7+ Rxf7 9. Nxe4 d5 10. Neg5 Rf8 11. Qe2 Qd6 12. Ne5 Nc6 13. Nxc6 bxc6 14. Be3 h6 15. Nf3 Bg4 16. h3 Bxf3 17. gxf3 e5 0-1

[Event "Milanowek-ch"]
[Site "Milanowek"]
[Date "2000.??.??"]
[Round "5"]
[White "Kowalska, Elzbieta"]
[Black "Godlewski, Artur"]
[Result "0-1"]
[WhiteElo "2110"]
[BlackElo "2142"]
[PlyCount "96"]
[EventDate "2000.07.??"]
[EventType "swiss"]
[EventRounds "9"]
[EventCountry "POL"]
[SourceTitle "EXT 2005"]
[Source "ChessBase"]
[SourceDate "2004.11.15"]
[SourceVersion "1"]
[SourceVersionDate "2004.11.15"]
[SourceQuality "1"]

1. e4 c5 2. Nf3 Nc6 3. d4 cxd4 4. Nxd4 Nf6 5. Nc3 e5 6. Ndb5 d6 7. Bg5 a6 8. Na3 b5 9. Nd5 Qa5+ 10. Bd2 Qd8 11. Bg5 Be7 12. Bxf6 Bxf6 13. c3 Ne7 14. Nxe7 Qxe7 15. Nc2 Bb7 16. f3 Bg5 17. Nb4 f5 18. Nd5 Qf7 19. Be2 0-0 20. 0-0 Kh8 21. Qd3 Rad8 22. Rad1 Bxd5 23. Qxd5 Be3+ 24. Kh1 Qh5 25. g3 f4 26. Kg2 Rf6 27. Rh1 Rh6 28. h3 fxg3 29. c4 Qg5 30. cxb5 Bg1 31. Qd2 Be3 32. Qc2 axb5 33. Bxb5 Bd4 34. Qd2 Qh4 35. Bc4 Rf6 36. Qe2 Rdf8 37. Rd3 g5 38. Rb3 h5 39. Qe1 Rc8 40. Be2 d5 41. exd5 e4 42. Qd1 Qf4 43. d6 Rxd6 44. Rb7 Qe3 45. Rf1 Rc1 46. fxe4 Qxe4+ 47. Bf3 Rc2+ 48. Qxc2 Qxc2+ 0-1

[Event "Milanowek"]
[Site "Milanowek"]
[Date "2000.??.??"]
[Round "8"]
[White "Szymczak, Rafal"]
[Black "Godlewski, Artur"]
[Result "1-0"]
[WhiteElo "2064"]
[BlackElo "2142"]
[PlyCount "69"]
[EventDate "2000.08.??"]
[EventType "tourn"]
[EventRounds "9"]
[EventCountry "POL"]
[SourceTitle "EXT 2005"]
[Source "ChessBase"]
[SourceDate "2004.11.15"]
[SourceVersion "1"]
[SourceVersionDate "2004.11.15"]
[SourceQuality "1"]

1. e4 c5 2. Nc3 Nc6 3. f4 d6 4. Nf3 Nf6 5. d4 cxd4 6. Nxd4 Qb6 7. Nf3 e5 8. Nd5 Nxd5 9. exd5 Nd4 10. Nxd4 exd4 11. Qe2+ Be7 12. Qb5+ Qxb5 13. Bxb5+ Bd7 14. Bd3 Rc8 15. b3 0-0 16. Bb2 Bf6 17. 0-0-0 Bg4 18. Rde1 Rc5 19. h3 Bd7 20. a4 Rfc8 21. g4 h6 22. Kb1 Rxd5 23. Ba3 Rc3 24. Bb4 Rdc5 25. Bxc5 dxc5 26. Re2 Be6 27. Rhe1 Rxd3 28. cxd3 Bxb3 29. Re8+ Kh7 30. Rb8 Bh4 31. Re5 Bxa4 32. Rxb7 Bg3 33. Rxf7 Bb3 34. Rb7 Bxf4 35. Rf5 1-0

[Event "POL-chT 2nd div North"]
[Site "Lublin"]
[Date "1999.??.??"]
[Round "4"]
[White "Godlewski, Artur"]
[Black "Krolikowski, Ryszard"]
[Result "1/2-1/2"]
[WhiteElo "2140"]
[BlackElo "2140"]
[PlyCount "58"]
[EventDate "1999.09.11"]
[EventType "team-swiss"]
[EventRounds "8"]
[EventCountry "POL"]
[SourceTitle "EXT 2003"]
[Source "ChessBase"]
[SourceDate "2002.11.25"]
[SourceVersion "1"]
[SourceVersionDate "2002.11.25"]
[SourceQuality "1"]
[WhiteTeam "Milanowek UKS Jedwabnik"]
[BlackTeam "Pultusk Nadnarwianka"]
[WhiteTeamCountry "POL"]
[BlackTeamCountry "POL"]

1. e4 Nf6 2. e5 Nd5 3. Nc3 Nxc3 4. dxc3 d6 5. Bc4 Nc6 6. Nf3 dxe5 7. Qxd8+ Nxd8 8. Nxe5 f6 9. Nd3 e5 10. 0-0 Be6 11. Bb3 Bxb3 12. axb3 Ne6 13. Re1 Kf7 14. b4 c6 15. f4 exf4 16. Nxf4 Nxf4 17. Bxf4 Be7 18. Rad1 Rhd8 19. Rd3 Rxd3 20. cxd3 Rd8 21. d4 f5 22. Kf2 Bf6 23. Bc7 Rd7 24. Bb8 a6 25. Ba7 Bh4+ 26. g3 Be7 27. Re2 g6 28. Bb8 Bd6 29. Bxd6 Rxd6 1/2-1/2

[Event "Warsaw-ch"]
[Site "Warsaw"]
[Date "1998.05.26"]
[Round "4"]
[White "Godlewski, Artur"]
[Black "Siekierski, Pawel"]
[Result "1-0"]
[WhiteElo "2195"]
[BlackElo "2045"]
[PlyCount "105"]
[EventDate "1998.??.??"]
[EventType "swiss"]
[EventRounds "9"]
[EventCountry "POL"]
[SourceTitle "EXT 2000"]
[Source "ChessBase"]
[SourceDate "1999.11.16"]
[SourceVersion "1"]
[SourceVersionDate "1999.11.16"]
[SourceQuality "1"]

1. e4 c5 2. Nf3 d6 3. d4 cxd4 4. Nxd4 Nf6 5. Nc3 a6 6. Bc4 e6 7. Bb3 b5 8. 0-0 Be7 9. Be3 0-0 10. f4 Qc7 11. g3 Bd7 12. Kh1 Nc6 13. f5 Nxd4 14. Bxd4 e5 15. Be3 Bc6 16. Qf3 Qb7 17. Nd5 Bxd5 18. exd5 Nd7 19. Rad1 Rac8 20. c3 f6 21. Qh5 Rf7 22. Rf3 Bd8 23. g4 Nf8 24. Rh3 h6 25. Rg3 Bb6 26. Bc1 Bf2 27. Rg2 Qa7 28. Qh3 e4 29. Bf4 e3 30. Qf3 Rd8 31. Qe2 Re7 32. Rd4 Nh7 33. Bc2 Ng5 34. Bxg5 hxg5 35. Bd3 Rde8 36. h3 Qc5 37. a4 bxa4 38. Rxa4 Kh7 39. Rd4 Re5 40. h4 Bxh4 41. Rh2 Rh8 42. Kg2 Rxd5 43. Rxh4+ gxh4 44. g5 Rxd4 45. Qh5+ Kg8 46. Qe8+ Kh7 47. g6+ Kh6 48. Qxe3+ Kh5 49. cxd4 Qd5+ 50. Be4 Qxe4+ 51. Qxe4 Rb8 52. b4 Rxb4 53. Kh3 1-0

[Event "Milanowek-ch"]
[Site "Milanowek"]
[Date "1998.??.??"]
[Round "?"]
[White "Godlewski, Artur"]
[Black "Kadziolka, Andrzej"]
[Result "1-0"]
[WhiteElo "2195"]
[BlackElo "2050"]
[PlyCount "51"]
[EventDate "1998.??.??"]
[EventType "swiss"]
[EventRounds "9"]
[EventCountry "POL"]
[SourceTitle "EXT 2003"]
[Source "ChessBase"]
[SourceDate "2002.11.25"]
[SourceVersion "1"]
[SourceVersionDate "2002.11.25"]
[SourceQuality "1"]

1. e4 c6 2. c4 d5 3. cxd5 cxd5 4. exd5 Qxd5 5. Nc3 Qa5 6. d4 Nf6 7. Bc4 e6 8. Nf3 Be7 9. 0-0 0-0 10. Qe2 Nc6 11. Rd1 Rd8 12. Bf4 a6 13. h3 b5 14. Bb3 b4 15. Na4 Nd5 16. Be5 Bd7 17. Nc5 Bxc5 18. dxc5 Qxc5 19. Rac1 Qa5 20. Qe4 Nxe5 21. Qxe5 Rac8 22. Nd4 Ba4 23. Rxc8 Rxc8 24. Nxe6 f6 25. Qg3 g6 26. Rxd5 1-0